| 000 | 00347cam a22001217a 4500 | ||
|---|---|---|---|
| 008 | 180718b1966 xxu||||| |||| 00| 0 eng d | ||
| 082 | _aB131x54 S089 | ||
| 100 | _aSovani, N.V. | ||
| 245 |
_aUrbanization and urban India _cby N.V. Sovani |
||
| 260 |
_aBombay _bAsia _c1966 |
||
| 300 | _a160p | ||
| 650 | _aUrbanization -India. India -Social conditions. | ||
| 999 |
_c417951 _d417951 |
||